Statistics for World Capitals With No Hints

Click here to take the quiz!

General Stats

  • This quiz has been taken 171 times
  • The average score is 161 of 196

Answer Stats

CountryCapital City% Correct
GermanyBerlin
99%
United StatesWashington D.C.
99%
SpainMadrid
97%
NorwayOslo
97%
CanadaOttawa
97%
FranceParis
97%
United KingdomLondon
96%
MexicoMexico City
96%
SwedenStockholm
94%
JapanTokyo
94%
New ZealandWellington
94%
NetherlandsAmsterdam
93%
GreeceAthens
93%
BrazilBrasília
93%
UkraineKiev
93%
PortugalLisbon
93%
RussiaMoscow
93%
IcelandReykjavík
93%
AustriaVienna
93%
TurkeyAnkara
91%
BelgiumBrussels
91%
IrelandDublin
91%
BelarusMinsk
91%
Czech RepublicPrague
91%
ItalyRome
91%
ChileSantiago
91%
ColombiaBogotá
90%
HungaryBudapest
90%
ArgentinaBuenos Aires
90%
AustraliaCanberra
90%
FinlandHelsinki
90%
PakistanIslamabad
90%
LuxembourgLuxembourg
90%
LithuaniaVilnius
90%
ChinaBeijing
88%
EgyptCairo
88%
DenmarkCopenhagen
88%
PeruLima
88%
LatviaRiga
88%
San MarinoSan Marino
88%
South KoreaSeoul
88%
EstoniaTallinn
88%
Vatican CityVatican City
88%
United Arab EmiratesAbu Dhabi
87%
AlgeriaAlgiers
87%
LebanonBeirut
87%
SlovakiaBratislava
87%
RomaniaBucharest
87%
VietnamHanoi
87%
IsraelJerusalem
87%
AfghanistanKabul
87%
South AfricaPretoria / Cape Town
/ Bloemfontein
87%
El SalvadorSan Salvador
87%
Bosnia and
Herzegovina
Sarajevo
87%
PolandWarsaw
87%
VenezuelaCaracas
86%
SenegalDakar
86%
IndonesiaJakarta
86%
JamaicaKingston
86%
Saint Vincent and the
Grenadines
Kingstown
86%
SloveniaLjubljana
86%
IndiaNew Delhi
86%
KosovoPristina
86%
North KoreaPyongyang
86%
EcuadorQuito
86%
AlbaniaTirana
86%
CroatiaZagreb
86%
NigeriaAbuja
84%
AndorraAndorra la Vella
84%
IraqBaghdad
84%
ThailandBangkok
84%
SerbiaBelgrade
84%
SwitzerlandBern
84%
GuyanaGeorgetown
84%
CubaHavana
84%
Democratic Republic
of the Congo
Kinshasa
84%
AngolaLuanda
84%
UruguayMontevideo
84%
BahamasNassau
84%
HaitiPort-au-Prince
84%
Papua New GuineaPort Moresby
84%
SingaporeSingapore
84%
MongoliaUlaanbaatar
84%
NamibiaWindhoek
84%
JordanAmman
83%
MadagascarAntananarivo
83%
AzerbaijanBaku
83%
GuatemalaGuatemala City
83%
SudanKhartoum
83%
MalaysiaKuala Lumpur
83%
BoliviaLa Paz / Sucre
83%
NicaraguaManagua
83%
MonacoMonaco
83%
NigerNiamey
83%
CyprusNicosia
83%
PanamaPanama City
83%
MontenegroPodgorica
83%
MoroccoRabat
83%
YemenSana'a
83%
Costa RicaSan José
83%
Dominican RepublicSanto Domingo
83%
BulgariaSofia
83%
IranTehran
83%
GhanaAccra
81%
TurkmenistanAshgabat
81%
Republic of the CongoBrazzaville
81%
SyriaDamascus
81%
BangladeshDhaka
81%
East TimorDili
81%
QatarDoha
81%
Sierra LeoneFreetown
81%
KenyaNairobi
81%
CambodiaPhnom Penh
81%
Saudi ArabiaRiyadh
81%
North MacedoniaSkopje
81%
TaiwanTaipei
81%
LibyaTripoli
81%
TunisiaTunis
81%
LiechtensteinVaduz
81%
MaltaValletta
81%
SeychellesVictoria
81%
EthiopiaAddis Ababa
80%
ParaguayAsunción
80%
Central African RepublicBangui
80%
DjiboutiDjibouti
80%
TajikistanDushanbe
80%
ZimbabweHarare
80%
NepalKathmandu
80%
RwandaKigali
80%
MozambiqueMaputo
80%
OmanMuscat
80%
FijiSuva
80%
LaosVientiane
80%
MaliBamako
78%
MoldovaChișinău
78%
South SudanJuba
78%
ZambiaLusaka
78%
MaldivesMalé
78%
BahrainManama
78%
PhilippinesManila
78%
SomaliaMogadishu
78%
KazakhstanNur-Sultan
78%
MauritiusPort Louis
78%
GeorgiaTbilisi
78%
BelizeBelmopan
77%
KyrgyzstanBishkek
77%
BotswanaGaborone
77%
UgandaKampala
77%
KuwaitKuwait City
77%
GabonLibreville
77%
LiberiaMonrovia
77%
ChadN'Djamena
77%
BeninPorto-Novo /
Cotonou
77%
São Tomé and PríncipeSão Tomé
77%
UzbekistanTashkent
77%
CameroonYaoundé
77%
ArmeniaYerevan
77%
GambiaBanjul
75%
BarbadosBridgetown
75%
TuvaluFunafuti
75%
EswatiniMbabane
75%
MauritaniaNouakchott
75%
TongaNukuʻalofa
75%
Burkina FasoOuagadougou
75%
SurinameParamaribo
75%
GrenadaSaint George's
75%
Antigua and BarbudaSaint John's
75%
HondurasTegucigalpa
75%
BruneiBandar Seri
Begawan
74%
Guinea-BissauBissau
74%
MalawiLilongwe
74%
Equatorial GuineaMalabo
74%
ComorosMoroni
74%
Trinidad and TobagoPort-of-Spain
74%
VanuatuPort Vila
74%
Sri LankaSri
Jayawardenepura
Kotte
74%
Saint LuciaCastries
72%
GuineaConakry
72%
DominicaRoseau
72%
KiribatiSouth Tarawa
72%
BhutanThimphu
72%
EritreaAsmara
71%
TanzaniaDodoma
71%
Cape VerdePraia
71%
BurundiGitega
70%
LesothoMaseru
70%
MyanmarNaypyidaw
70%
PalauNgerulmud
70%
NauruYaren
70%
Saint Kitts and NevisBasseterre
68%
Solomon IslandsHoniara
68%
TogoLomé
68%
SamoaApia
67%
Federated States of
Micronesia
Palikir
65%
Marshall IslandsMajuro
64%
Ivory CoastYamoussoukro
64%

Score Distribution

Percentile by Number Answered

Percent of People with Each Score

Your Score History

You have not taken this quiz